[Event "Kopavogur Baldursson Memorial"]
[Site "Kopavogur"]
[Date "2018.01.05"]
[Round "3"]
[White "Bannout, Edvin"]
[Black "Apol, Luitjen Akselsson"]
[Result "1/2-1/2"]
[WhiteElo "1869"]
[BlackElo "1600"]
[PlyCount "119"]
[EventDate "2018.01.04"]
[EventType "swiss"]
[EventRounds "7"]
[EventCountry "ISL"]
[SourceTitle "CBM 182 Extra"]
[Source "ChessBase"]
[SourceDate "2018.02.23"]
[SourceVersion "1"]
[SourceVersionDate "2018.02.23"]
[SourceQuality "1"]

1. e4 c5 2. Nf3 d6 3. c3 Nf6 4. Be2 Bd7 5. d3 e6 6. 0-0 Be7 7. Re1 0-0 8. Bf1 Bc6 9. a4 b6 10. Nbd2 Nbd7 11. d4 cxd4 12. cxd4 Bb7 13. a5 a6 14. axb6 Qxb6 15. Bd3 e5 16. Nc4 Qc7 17. Na5 Rfc8 18. Ng5 Qb6 19. Bc4 Rf8 20. Be3 Nxe4 21. dxe5 Ndc5 22. Nxb7 Bxg5 23. Nxd6 Bxe3 24. Rxe3 Nxd6 25. exd6 Rad8 26. Qc2 Qxd6 27. Rh3 g6 28. b4 Qd4 29. Re1 Nb7 30. Bxa6 Qb6 31. Bc4 Rc8 32. Rf3 Nd6 33. Rf4 Qxb4 34. Bxf7+ Nxf7 35. Qe4 Qxe4 36. Rfxe4 Kg7 37. h4 Rc5 38. g4 Rc3 39. Kg2 Nd6 40. Re6 Nc4 41. R1e2 Rf7 42. Kh2 Na5 43. h5 gxh5 44. gxh5 h6 45. Kg2 Nb3 46. Rg6+ Kh7 47. Ree6 Rcf3 48. Rxh6+ Kg7 49. Rhg6+ Kh7 50. Rh6+ Kg7 51. Rhg6+ Kf8 52. h6 Rxf2+ 53. Kg3 Nd4 54. Ra6 Ne2+ 55. Kg4 Rg2+ 56. Kh4 Rh2+ 57. Kg4 Rf4+ 58. Kg5 Rg2+ 59. Kh5 Rh2+ 60. Kg5 1/2-1/2

[Event "Uppsala Young Champions"]
[Site "Uppsala"]
[Date "2017.10.28"]
[Round "3"]
[White "Nilsson, Joakim"]
[Black "Bannout, Edvin"]
[Result "1-0"]
[WhiteElo "2135"]
[BlackElo "1863"]
[PlyCount "129"]
[EventDate "2017.10.27"]
[EventType "swiss"]
[EventRounds "9"]
[EventCountry "SWE"]
[SourceTitle "CBM 181 Extra"]
[Source "ChessBase"]
[SourceDate "2017.12.12"]
[SourceVersion "1"]
[SourceVersionDate "2017.12.12"]
[SourceQuality "1"]

1. g3 c5 2. Bg2 g6 3. e4 Nc6 4. Nc3 Bg7 5. Nge2 e6 6. d3 Nge7 7. Be3 d6 8. 0-0 0-0 9. d4 cxd4 10. Nxd4 a6 11. a4 Qc7 12. Nde2 b6 13. h3 Bb7 14. Qc1 Nb4 15. Bh6 d5 16. Bxg7 Kxg7 17. Qd2 Kg8 18. exd5 Rfd8 19. Qg5 Nexd5 20. Nxd5 Bxd5 21. c3 Bxg2 22. Kxg2 Nd3 23. Rab1 Qc6+ 24. Kg1 Qxa4 25. Nd4 Rd5 26. Qe3 Ne5 27. Nf3 Nxf3+ 28. Qxf3 Rad8 29. b3 Qd7 30. Qe2 a5 31. Qe3 Qd6 32. c4 Rd3 33. Qe4 Qb4 34. Qh4 Kg7 35. Qg5 Qd6 36. h4 h6 37. Qg4 Rd4 38. Qe2 Rd2 39. Qe3 Rd3 40. Qe2 Qd4 41. Kg2 Rd2 42. Qf3 e5 43. Rbe1 Rd3 44. Re3 Rxe3 45. fxe3 Qd7 46. Qf6+ Kg8 47. Qxb6 e4 48. Qxa5 Rb8 49. Qc3 Ra8 50. Rf2 Ra3 51. c5 Qd5 52. Qd4 Qxd4 53. exd4 Rxb3 54. d5 Rc3 55. c6 Kf8 56. Rb2 Ke7 57. Rb7+ Kd6 58. Rd7+ Ke5 59. c7 Rc2+ 60. Kf1 e3 61. d6 Ke4 62. Re7+ Kd3 63. d7 Rc1+ 64. Kg2 e2 65. d8Q+ 1-0

[Event "Uppsala Young Champions op"]
[Site "Uppsala"]
[Date "2016.11.02"]
[Round "8"]
[White "Bannout, Edvin"]
[Black "Crevatin, Leo"]
[Result "1/2-1/2"]
[WhiteElo "1818"]
[BlackElo "2030"]
[PlyCount "91"]
[EventDate "2016.10.28"]
[EventType "swiss"]
[EventRounds "9"]
[EventCountry "SWE"]
[SourceTitle "CBM 175 Extra"]
[Source "ChessBase"]
[SourceDate "2016.12.12"]
[SourceVersion "1"]
[SourceVersionDate "2016.12.12"]
[SourceQuality "1"]

1. d4 d5 2. c4 c6 3. cxd5 cxd5 4. Nc3 Nf6 5. Bf4 a6 6. e3 Nc6 7. Bd3 h6 8. h3 e6 9. Nf3 Bd6 10. Bxd6 Qxd6 11. 0-0 b5 12. a3 0-0 13. b4 e5 14. dxe5 Nxe5 15. Rc1 Be6 16. Be2 Rac8 17. Qd4 Nxf3+ 18. Bxf3 Rc4 19. Qd2 Rfc8 20. Be2 R4c6 21. Bd3 Kf8 22. Ne2 Nd7 23. Nd4 Rxc1 24. Rxc1 Rxc1+ 25. Qxc1 Ne5 26. Be2 Nc4 27. Qc3 Qe5 28. Bd1 Bd7 29. Bc2 Ke8 30. Bd3 Kf8 31. Ne2 Qxc3 32. Nxc3 Bc6 33. Bxc4 dxc4 34. f3 Ke7 35. Kf2 Kd6 36. e4 g5 37. Ke3 Bd7 38. Kd4 Be6 39. Nd1 f5 40. Ne3 fxe4 41. Kxe4 Bd7 42. Kd4 Be6 43. Nd1 Bd5 44. Ne3 Be6 45. Nf1 Bf5 46. Ne3 1/2-1/2

[Event "Uppsala Young Champions op"]
[Site "Uppsala"]
[Date "2016.10.30"]
[Round "4"]
[White "Keinanen, Toivo"]
[Black "Bannout, Edvin"]
[Result "1-0"]
[WhiteElo "2345"]
[BlackElo "1818"]
[PlyCount "73"]
[EventDate "2016.10.28"]
[EventType "swiss"]
[EventRounds "9"]
[EventCountry "SWE"]
[SourceTitle "CBM 175 Extra"]
[Source "ChessBase"]
[SourceDate "2016.12.12"]
[SourceVersion "1"]
[SourceVersionDate "2016.12.12"]
[SourceQuality "1"]

1. c4 c5 2. g3 Nc6 3. Bg2 g6 4. Nc3 Bg7 5. Nf3 e5 6. 0-0 Nge7 7. Ne1 Rb8 8. a3 a6 9. b4 cxb4 10. axb4 Nxb4 11. Ba3 Nec6 12. Qb1 a5 13. Nc2 0-0 14. Nxb4 axb4 15. Bxb4 Nxb4 16. Qxb4 b6 17. Ra7 d6 18. Nb5 Be6 19. Nxd6 Bf6 20. Ne4 Bg7 21. d3 Re8 22. Rb1 f5 23. Nc3 Bf8 24. Qb5 Qd4 25. Nd5 Bxd5 26. Bxd5+ Kh8 27. Qc6 e4 28. e3 Qe5 29. dxe4 fxe4 30. Rxb6 Rxb6 31. Qxb6 Rb8 32. Qe6 Rb1+ 33. Kg2 Qxe6 34. Bxe6 Rb2 35. Rf7 Bc5 36. Kh3 g5 37. Kg4 1-0

[Event "Stockholm All Saints op"]
[Site "Stockholm"]
[Date "2013.11.02"]
[Round "6"]
[White "Akesson, Ralf"]
[Black "Bannout, Edvin"]
[Result "1-0"]
[WhiteElo "2465"]
[BlackElo "1777"]
[PlyCount "47"]
[EventDate "2013.10.31"]
[EventType "swiss"]
[EventRounds "7"]
[EventCountry "SWE"]
[SourceTitle "EXT 2014"]
[Source "ChessBase"]
[SourceDate "2013.11.20"]
[SourceVersion "1"]
[SourceVersionDate "2013.11.20"]
[SourceQuality "1"]

1. Nf3 Nf6 2. c4 c5 3. Nc3 b6 4. e4 d6 5. d4 cxd4 6. Nxd4 Bb7 7. Qe2 g6 8. g3 Nc6 9. Nxc6 Bxc6 10. Bg2 Rc8 11. Nd5 Bg7 12. Nxf6+ Bxf6 13. Bh6 b5 14. 0-0 bxc4 15. Qxc4 Bd7 16. Qe2 Rg8 17. Be3 Kf8 18. Qd2 Kg7 19. Bxa7 Rf8 20. a4 Ra8 21. Be3 Kg8 22. a5 Bc6 23. Rfc1 Qd7 24. Rxc6 1-0